Antimonopolní funkce vlády v procesu ekonomické reformy.
Vo vyspelých kapitalistických ekonomikách sleduje antimonopolné pôsobenie vlády dve hlavné línie: 1. kontrolu ekonomického správania firiem, 2. podporu konkurencie na ponukovej strane ekonomiky. Formovanie konkurenčného prostredia má pritom samo dve línie: jednak ide o podporu podnikateľskej činnost...
Salvato in:
| Autore principale: | |
|---|---|
| Natura: | Capitolo di libro |
| Lingua: | ceco |
| Soggetti: | |
| Tags: |
Nessun Tag, puoi essere il primo ad aggiungerne!!
|
MARC
| LEADER | 00000naa a2200000 4500 | ||
|---|---|---|---|
| 001 | r012854 | ||
| 005 | 20221205080215.8 | ||
| 041 | 0 | |a cze | |
| 044 | |a CZ | ||
| 245 | 1 | 0 | |a Antimonopolní funkce vlády v procesu ekonomické reformy. |c P. Mertlík |
| 520 | |a Vo vyspelých kapitalistických ekonomikách sleduje antimonopolné pôsobenie vlády dve hlavné línie: 1. kontrolu ekonomického správania firiem, 2. podporu konkurencie na ponukovej strane ekonomiky. Formovanie konkurenčného prostredia má pritom samo dve línie: jednak ide o podporu podnikateľskej činnosti, čiže posilňovanie konkurenčnej štruktúry domácej ekonomiky, a jednak liberalizáciu vonkajších ekonomických vzťahov. V česko-slovenskej ekonomike je potrebné sledovať ešte tretiu líniu, a to deetatizáciu a komercializáciu štátneho sektora. | ||
| 610 | 2 | 0 | |a politika protimonopolná |
| 610 | 2 | 0 | |a vláda |
| 610 | 2 | 0 | |a konkurencia |
| 610 | 2 | 0 | |a súťaž hospodárska |
| 610 | 2 | 0 | |a podnikanie |
| 610 | 2 | 0 | |a prostredie podnikateľské |
| 610 | 2 | 0 | |a liberalizácia |
| 610 | 2 | 0 | |a vzťahy hospodárske vonkajšie |
| 610 | 2 | 0 | |a deetatizácia |
| 610 | 2 | 0 | |a sektor štátny |
| 610 | 2 | 0 | |a ČSFR |
| 100 | 1 | |a Mertlík, Pavel | |